000 00504nam a2200193Ia 4500
005 20250508162813.0
008 008 250505s9999 xx 000 0 eng d
020 _a0-7195-4074-7
037 _aTextual
040 _aFEDL
_beng
_cFEDL
041 _aeng
_2eng
084 _a576, BIS
_qFEDL
100 _aBishop Owen
245 0 _aAdventures with microorganisms
260 _aLondon, UK
_bJohn Murray
_c1984
300 _av,58p.
942 _cTEXL
_h576, BIS
999 _c1378773
_d1378773